Discurso leido en la Universidad de Valladolid en la solemne inauguración del curso académico de 1884 á 1885 / (Record no. 49108)

MARC details
000 -LEADER
campo de control de longitud fija 00739nam a2200181 i 4500
001 - NÚMERO DE CONTROL
campo de control 49108
003 - IDENTIFICADOR DE NÚMERO DE CONTROL
campo de control ES-MaACL
005 - FECHA Y HORA DE LA ÚLTIMA TRANSACCIÓN
campo de control 20230906161903.0
007 - CAMPO FIJO DE DESCRIPCIÓN FÍSICA--INFORMACIÓN GENERAL
campo de control de longitud fija t|
008 - DATOS DE LONGITUD FIJA--INFORMACIÓN GENERAL
campo de control de longitud fija 030708s1884 sp ||||1| spa d
100 1# - ENTRADA PRINCIPAL--NOMBRE DE PERSONA
Nombre de persona Correa y Martranez, José.
9 (RLIN) 40760
245 13 - MENCIÓN DEL TÍTULO
Título Discurso leido en la Universidad de Valladolid en la solemne inauguración del curso académico de 1884 á 1885 /
Mención de responsabilidad, etc. por José Correa y Martranez ; [Datos estadísticos en el curso académico de 1882 á 1883].
260 ## - PUBLICACIÓN, DISTRIBUCIÓN, ETC.
Lugar de publicación, distribución, etc. Valladolid :
Nombre del editor, distribuidor, etc. [s.n.],
Fecha de publicación, distribución, etc. 1884 (
Fabricante Impr. de L. Garrido)
300 ## - DESCRIPCIÓN FÍSICA
Extensión 1 vol. (pag. var.) ;
Dimensiones 28 cm.
500 ## - NOTA GENERAL
Nota general Título del discurso: El principio inmutable de verdad en al enseñanza.
650 04 - PUNTO DE ACCESO ADICIONAL DE MATERIA--TÉRMINO DE MATERIA
Término de materia o nombre geográfico como elemento de entrada Verdad.
9 (RLIN) 17765
852 ## - LOCALIZACIÓN
Ubicación ES-MaACL
Número de control de estantería T-392-F-10
Holdings
Estatus retirado Estado de pérdida Estado de daño No para préstamo Colección Biblioteca de origen Biblioteca actual Ubicación en estantería Fecha de adquisición Fuente de adquisición Total de préstamos Signatura topográfica completa Código de barras Visto por última vez Precio de reemplazo Tipo de ítem Koha
        Colección de folletos Biblioteca del Ateneo de Madrid Biblioteca del Ateneo de Madrid Depósito folletos 17/01/2008     T-392-F-10 1051680 23/02/2023 23/02/2023 Folleto